The Road To Omaha: Every MCWS Team Ever - Statistics

General Stats
  • This quiz has been taken 7 times
  • The average score is 73 of 124
Answer Stats
Hint Answer % Correct
1949 Arizona
100%
2005 Arizona State
100%
1956 California
100%
1965 Oklahoma
100%
1979 | 1996 Oklahoma A&M
100%
1991 Oklahoma State
100%
1978 Oregon
100%
1972 Oregon State
100%
1947 Texas
100%
2015 UCLA
100%
Washington
100%
1959 Washington State
100%
1960 Alabama
83%
Arkansas
83%
2008 Auburn
83%
Baylor
83%
1973 Boston College
83%
Coastal Carolina
83%
Florida
83%
1987 Florida State
83%
1997 Fresno State
83%
Georgia
83%
Kansas
83%
Kentucky
83%
Louisville
83%
LSU
83%
2024 Miami
83%
1955 Missouri
83%
Nebraska
83%
1998 North Carolina
83%
2012 North Carolina State
83%
1984 Ole Miss
83%
South Carolina
83%
1975 Stanford
83%
1966 Tennessee
83%
1969 Texas A&M
83%
Texas Tech
83%
1948 USC
83%
Vanderbilt
83%
Virginia
83%
2013 BYU
67%
Cal State Fullerton
67%
1990 Clemson
67%
Georgia Tech
67%
2011 Harvard
67%
1974 Houston
67%
1953 Michigan
67%
1976 Michigan State
67%
2019 Mississippi State
67%
1989 Notre Dame
67%
2017 Ohio
67%
1967 Ohio State
67%
Southern Miss
67%
TCU
67%
2014 Tulsa
67%
UC Santa Barbara
67%
1994 Utah
67%
1958 Wake Forest
67%
1962 Wisconsin
67%
1957 Yale
67%
1986 Connecticut
50%
Creighton
50%
1971 Duke
50%
Eastern Michigan
50%
Indiana
50%
2022 Iowa
50%
1988 Iowa State
50%
Long Beach State
50%
Louisiana Lafayette
50%
1981 Minnesota
50%
Murray State
50%
1952 Penn State
50%
Pepperdine
50%
1993 Princeton
50%
Rice
50%
1961 Rutgers
50%
San Jose State
50%
1999 St Johns
50%
2021 Temple
50%
Tulane
50%
UC Irvine
50%
1964 Bradley
33%
Cal State Los Angeles
33%
Citadel
33%
1950 Colorado State College
33%
2018 Dartmouth
33%
2016 Delaware
33%
2023 Georgia Southern
33%
Hawaii
33%
1970 Holy Cross
33%
Indiana State
33%
James Madison
33%
Kent State
33%
Loyola Marymount
33%
2003 Maine
33%
Missouri State
33%
1985 New Hampshire
33%
New Orleans
33%
2025 Northern Colorado
33%
Oral Roberts
33%
2004 Seton Hall
33%
2010 Southern Illinois
33%
2006 St Louis
33%
Stony Brook
33%
2000 Syracuse
33%
1951 Western Michigan
33%
Wichita State
33%
1983 Wyoming
33%
1980 Colgate
17%
1963 Colorado A&M
17%
2002 Ithaca
17%
1954 Lafayette
17%
1977 Massachusetts
17%
2007 Northeastern
17%
1982 NYU
17%
2020 Pan American
17%
2009 Rider
17%
1995 Rollins
17%
2001 Santa Clara
17%
1968 Springfield
17%
1992 Tufts
17%
No matching quizzes found
Score Distribution
Percent of People with Each Score
Percentile by Number Answered
Your Score History
You have not taken this quiz